LDR 00853naa#a2200193#i#450# 001 RU\\bibl\121469 005 20260515215600.5 011 ## _a1994-4683 100 ## _a20230531b2023####ek#y0rusy0150####ca 102 ## _aRU 200 1# _aЖЕНЩИНА: ТЯЖЕЛОАТЛЕТИЧЕСКИЙ СПОРТ И ЕЁ ФИЗИЧЕСКАЯ РАБОТОСПОСОБНОСТЬ _eЖурнальная статья 210 1# _aМосква _cНациональный государственный Университет физической культуры, спорта и здоровья им. П.Ф. Лесгафта _d2023 215 ## _a8 с. 608 ## _aЖурнальная статья _2local 675 ## _aСиловой спорт. 796.894 _z 700 #1 _aТё _gС Э 700 #1 _aТё _gС Ю 700 #1 _aМухамедьяров _gН Р 856 4# _auchzapiski.lesgaft.spb.ru _u